00959nam a2200253 a 450000100060000000300080000600500170001400800410003103500190007204000270009104100080011808200220012610000200014824501150016825000280028326000840031130000440039535000100043965000590044965000570050865000550056570000650062071000200068543471BD-RjUL20211209053713.0160622s1969 ctuac 000 0 eng  a(BD-RjUL)43589 aDLCcDLCdBD-RjULbeng aeng00a973.917bLAA 19691 aLange, Dorothea13aAn American exodus :ba record of human erosion in the Thirties /cby Dorothea Lange and Paul Schuster Taylor. a[Rev. and extended ed.] aNew Haven :bPublished for the Oakland Museum [by] Yale University Press,c1969 a144 p. :billus., ports. ;c24 x 29 cm. a10.00 0aAgricultural laborerszUnited StatesxPictorial works. 0aMigration, InternalzUnited StatesxPictorial works. 0aDepressionsy1929zUnited StatesxPictorial works.1 aTaylor, Paul S.q(Paul Schuster),d1895-1984,ejoint author.2 aOakland Museum.